Central Library OPAC University of Rajshahi

A class-book of botany : (Record no. 74866)

MARC details
000 -LEADER
fixed length control field 00914nam a22002772 4500
001 - CONTROL NUMBER
control field 74866
003 - CONTROL NUMBER IDENTIFIER
rucl marc code BD-RjUL
005 - DATE AND TIME OF LATEST TRANSACTION
control field 20211209082620.0
008 - FIXED-LENGTH DATA ELEMENTS--GENERAL INFORMATION
fixed length control field 140128m1976 ii a 001 0 eng d
020 ## - INTERNATIONAL STANDARD BOOK NUMBER
International Standard Book Number 0195606604 (pbk)
International Standard Book Number 195606604
035 ## - SYSTEM CONTROL NUMBER
System control number (BD-RjUL)75084
040 ## - CATALOGING SOURCE
Original cataloging agency UKM
Transcribing agency UKM
Modifying agency EQO
-- BD-RjUL
Language of cataloging eng
041 ## - LANGUAGE CODE
Language code of text/sound track or separate title eng
082 0# - DEWEY DECIMAL CLASSIFICATION NUMBER
Classification number 581
Edition number 18
Author mark and year DUC1965
100 1# - MAIN ENTRY--PERSONAL NAME
Personal name Dutta, A. C.
Fuller form of name (Atul Chandra),
Dates associated with a name 1899-
9 (RLIN) 37698
245 12 - TITLE STATEMENT
Title A class-book of botany :
Remainder of title for pre-university, intermediate, pre-medical, higher secondary, and All-India School Certificate students /
Statement of responsibility, etc. A.C. Dutta.
250 ## - EDITION STATEMENT
Edition statement 12nd ed.
260 ## - PUBLICATION, DISTRIBUTION, ETC. (IMPRINT)
Place of publication, distribution, etc. Calcutta ;
-- Oxford :
Name of publisher, distributor, etc. Oxford University Press,
Date of publication, distribution, etc. 1965.
300 ## - PHYSICAL DESCRIPTION
Pagination xxiii, 414 p. :
Illustrations ill. ;
Size 22 cm.
500 ## - GENERAL NOTE
General note This ed. originally published: 1976.
General note Includes index and bibliography.
650 #0 - SUBJECT ADDED ENTRY--TOPICAL TERM
Topical term or geographic name as entry element Botany.
9 (RLIN) 37699
942 ## - ADDED ENTRY ELEMENTS (KOHA)
Source of classification or shelving scheme Dewey Decimal Classification
Koha item type Books
Holdings
Lost status Source of classification or shelving scheme Damaged status Not for loan Collection code Permanent Location Current Location Shelving location Date acquired Source of acquisition Cost, normal purchase price Total Checkouts Full call number Date last seen Copy number Koha item type
  Dewey Decimal Classification   Not For Loan Non-fiction Central Library, University of Rajshahi Central Library, University of Rajshahi Reading Room 17/11/1967 Zeitlinger 14.00   581 DUC 1965 13/12/2018 C-1 Books